<?xml version="1.0" encoding="UTF-8"?>
<record
    xmlns:xsi="http://www.w3.org/2001/XMLSchema-instance"
    xsi:schemaLocation="http://www.loc.gov/MARC21/slim http://www.loc.gov/standards/marcxml/schema/MARC21slim.xsd"
    xmlns="http://www.loc.gov/MARC21/slim">

  <leader>00991naa a2200253 a 4500</leader>
  <controlfield tag="001">81993)</controlfield>
  <controlfield tag="003">BD-RjUL</controlfield>
  <controlfield tag="005">20230926112237.0</controlfield>
  <controlfield tag="008">230926s1932    p  ||||| |||| 00| 0 urd d</controlfield>
  <datafield tag="035" ind1=" " ind2=" ">
    <subfield code="a">(BD-RjUL)81993)</subfield>
  </datafield>
  <datafield tag="040" ind1=" " ind2=" ">
    <subfield code="a">BD-RjUL</subfield>
    <subfield code="b">eng</subfield>
    <subfield code="c">BD-RjUL</subfield>
  </datafield>
  <datafield tag="041" ind1=" " ind2=" ">
    <subfield code="a">urd</subfield>
  </datafield>
  <datafield tag="082" ind1=" " ind2=" ">
    <subfield code="2">23</subfield>
    <subfield code="a">956.06</subfield>
    <subfield code="b">BIA 1932</subfield>
  </datafield>
  <datafield tag="100" ind1="1" ind2="0">
    <subfield code="a"> &#x627;&#x628;&#x646; &#x627;&#x644;&#x62E;&#x637;&#x64A;&#x628;, &#x627;&#x644;&#x648;&#x632;&#x64A;&#x631;&#x645;&#x62D;&#x645;&#x62F; &#x644;&#x633;&#x627;&#x646; &#x627;&#x644;&#x62F;&#x64A;&#x646;  </subfield>
    <subfield code="9">9206</subfield>
  </datafield>
  <datafield tag="245" ind1="1" ind2="0">
    <subfield code="a"> &#x627;&#x644;&#x625;&#x62D;&#x627;&#x637;&#x629; &#x641;&#x64A; &#x623;&#x62E;&#x628;&#x627;&#x631; &#x63A;&#x631;&#x646;&#x627;&#x637;&#x629;. / al-I&#x1E25;&#x101;&#x1E6D;ah f&#x12B; akhb&#x101;r Ghirn&#x101;&#x1E6D;ah. /</subfield>
    <subfield code="c">&#x627;&#x644;&#x648;&#x632;&#x64A;&#x631;&#x645;&#x62D;&#x645;&#x62F; &#x644;&#x633;&#x627;&#x646; &#x627;&#x644;&#x62F;&#x64A;&#x646; &#x627;&#x628;&#x646; &#x627;&#x644;&#x62E;&#x637;&#x64A;&#x628; ; &#x62A;&#x631;&#x62C;&#x645;&#x647; &#x62D;&#x643;&#x64A;&#x645; &#x633;&#x64A;&#x62F; &#x627;&#x62D;&#x645;&#x62F; &#x646;&#x62F;&#x648;&#x64A;</subfield>
  </datafield>
  <datafield tag="260" ind1=" " ind2=" ">
    <subfield code="a">Karachi :</subfield>
    <subfield code="b">Dar I tabaa jamiah utmaniah, </subfield>
    <subfield code="c">1936</subfield>
  </datafield>
  <datafield tag="300" ind1=" " ind2=" ">
    <subfield code="a">v.;........</subfield>
    <subfield code="c">22 cm</subfield>
  </datafield>
  <datafield tag="505" ind1=" " ind2=" ">
    <subfield code="a">......... &#x627;&#x644;&#x62C;&#x632;&#x621; &#x627;&#x644;&#x62B;&#x627;&#x646;&#x64A; al-juz' al-th&#x101;n&#x12B;</subfield>
  </datafield>
  <datafield tag="650" ind1=" " ind2=" ">
    <subfield code="a">ARABIC HISTORY</subfield>
    <subfield code="9">9216</subfield>
  </datafield>
  <datafield tag="650" ind1=" " ind2=" ">
    <subfield code="z">Spain--Granada (Reino)</subfield>
    <subfield code="9">9217</subfield>
  </datafield>
  <datafield tag="650" ind1=" " ind2=" ">
    <subfield code="a">ISLAMIC HISTORY  </subfield>
    <subfield code="v">INFORMATION</subfield>
    <subfield code="9">9218</subfield>
  </datafield>
  <datafield tag="700" ind1=" " ind2=" ">
    <subfield code="a"> &#x646;&#x62F;&#x648;&#x64A;,  &#x62D;&#x643;&#x64A;&#x645; &#x633;&#x64A;&#x62F; &#x627;&#x62D;&#x645;&#x62F;</subfield>
    <subfield code="9">9221</subfield>
  </datafield>
  <datafield tag="942" ind1=" " ind2=" ">
    <subfield code="2">ddc</subfield>
    <subfield code="c">BK</subfield>
  </datafield>
  <datafield tag="999" ind1=" " ind2=" ">
    <subfield code="c">81993</subfield>
    <subfield code="d">81993</subfield>
  </datafield>
  <datafield tag="952" ind1=" " ind2=" ">
    <subfield code="0">0</subfield>
    <subfield code="1">0</subfield>
    <subfield code="2">ddc</subfield>
    <subfield code="4">0</subfield>
    <subfield code="7">1</subfield>
    <subfield code="8">NFIC</subfield>
    <subfield code="a">RUCL</subfield>
    <subfield code="b">RUCL</subfield>
    <subfield code="c">Reading</subfield>
    <subfield code="d">1959-05-20</subfield>
    <subfield code="e">Book Land ,  karachi</subfield>
    <subfield code="g">9.60</subfield>
    <subfield code="l">0</subfield>
    <subfield code="o">U 956.06 BIA 1932</subfield>
    <subfield code="r">2023-09-26 00:00:00</subfield>
    <subfield code="t">C-1</subfield>
    <subfield code="w">2023-09-26</subfield>
    <subfield code="y">BK</subfield>
  </datafield>
</record>
